|
|
|
|
| LEADER |
00000nam0a2200000 4500 |
| 001 |
670155 |
| 005 |
20240222113328.0 |
| 010 |
|
|
|a 978-5-94387-717-9
|
| 090 |
|
|
|a 670155
|
| 100 |
|
|
|a 20240116d2021 km|y0rusy50 ca
|
| 101 |
0 |
|
|c rus
|
| 102 |
|
|
|a RU
|
| 105 |
|
|
|a y g 000yy
|
| 181 |
|
0 |
|a i
|b e
|
| 182 |
|
0 |
|a n
|
| 183 |
|
0 |
|a nc
|2 RDAcarrier
|
| 200 |
|
|
|a Справочник Python. Кратко, быстро, под рукой
|f Кольцов Д. М., Дубовик Е. В.
|
| 203 |
|
|
|a Текст
|b визуальный
|c непосредственный
|
| 210 |
|
|
|a Санкт-Петербург
|c Наука и Техника
|d 2021
|
| 215 |
|
|
|a 287 с.
|
| 225 |
1 |
|
|a Справочник
|
| 283 |
|
|
|a volume
|2 RDAcarrier
|
| 606 |
1 |
|
|a Python
|9 87977
|
| 610 |
1 |
|
|a языки программирования
|
| 610 |
1 |
|
|a практические примеры
|
| 610 |
1 |
|
|a программы
|
| 610 |
1 |
|
|a объектно-ориентированное программирование
|
| 610 |
1 |
|
|a кодировка
|
| 610 |
1 |
|
|a строчные функции
|
| 610 |
1 |
|
|a кортежи
|
| 610 |
1 |
|
|a итераторы
|
| 610 |
1 |
|
|a генераторы
|
| 610 |
1 |
|
|a справочники
|
| 675 |
|
|
|a 004.432(035)
|v 4
|z rus
|
| 700 |
1 |
|
|a Кольцов
|b Д. М.
|g Дмитрий Михайлович
|
| 701 |
1 |
|
|a Дубовик
|b Е. В.
|
| 801 |
|
0 |
|a RU
|b 63413507
|c 20240116
|
| 942 |
|
|
|c BK
|